MARC details
| 000 -CABECERA |
| campo de control de longitud fija |
01154nam a2200325 u 4500 |
| 001 - NÚMERO DE CONTROL |
| campo de control |
000003558 |
| 003 - IDENTIFICADOR DEL NÚMERO DE CONTROL |
| campo de control |
DO-SdBNP |
| 005 - FECHA Y HORA DE LA ÚLTIMA TRANSACCIÓN |
| campo de control |
20220901095849.0 |
| 007 - CAMPO FIJO DE DESCRIPCIÓN FÍSICA--INFORMACIÓN GENERAL |
| campo de control de longitud fija |
ta |
| 008 - DATOS DE LONGITUD FIJA--INFORMACIÓN GENERAL |
| campo de control de longitud fija |
090710s1998 sp r 000 0 spa d |
| 020 ## - NÚMERO INTERNACIONAL ESTÁNDAR DEL LIBRO |
| Número Internacional Estándar del Libro |
8449305519 |
| 040 ## - FUENTE DE LA CATALOGACIÓN |
| Centro catalogador/agencia de origen |
DO-SdBNP |
| Lengua de catalogación |
spa |
| Centro/agencia transcriptor |
BNPHU |
| 082 #4 - NÚMERO DE LA CLASIFICACIÓN DECIMAL DEWEY |
| Número de clasificación |
371.5 |
| Número de documento/Ítem |
C965d |
| Número de edición |
22 |
| 245 00 - MENCIÓN DE TÍTULO |
| Título |
Una cuestión de disciplina : |
| Resto del título |
pedagogía y poder en los estudios culturales / |
| Mención de responsabilidad, etc. |
compiladores Joyce E. Canaan y Debbie Epstein |
| 260 ## - PUBLICACIÓN, DISTRIBUCIÓN, ETC. |
| Lugar de publicación, distribución, etc. |
Barcelona : |
| Nombre del editor, distribuidor, etc. |
Paidós, |
| Fecha de publicación, distribución, etc. |
1998. |
| 300 ## - DESCRIPCIÓN FÍSICA |
| Extensión |
270 p. ; |
| Dimensiones |
22 cm. |
| 490 1# - MENCIÓN DE SERIE |
| Mención de serie |
Paidós educador |
| Designación de volumen o secuencia |
133 |
| 500 ## - NOTA GENERAL |
| Nota general |
Incluye sumario y notas al pie de las páginas |
| 534 ## - NOTA SOBRE LA VERSIÓN ORIGINAL |
| Encabezamiento principal del original |
Título original: A question of discipline. Pedagogy, power, and the teaching of cultural studies |
| 590 ## - NOTA LOCAL (RLIN) |
| Nota local |
Inventariado, 2022 / DG |
| 650 #4 - PUNTO DE ACCESO ADICIONAL DE MATERIA--TÉRMINO DE MATERIA |
| Término de materia o nombre geográfico como elemento de entrada |
Disciplina escolar |
| 9 (RLIN) |
10993 |
| 650 #4 - PUNTO DE ACCESO ADICIONAL DE MATERIA--TÉRMINO DE MATERIA |
| Término de materia o nombre geográfico como elemento de entrada |
Cultura |
| Subdivisión general |
Enseñanza superior |
| 9 (RLIN) |
10994 |
| 650 #4 - PUNTO DE ACCESO ADICIONAL DE MATERIA--TÉRMINO DE MATERIA |
| Término de materia o nombre geográfico como elemento de entrada |
Cultura popular |
| Subdivisión general |
Enseñanza superior |
| 9 (RLIN) |
10995 |
| 700 1# - PUNTO DE ACCESO ADICIONAL--NOMBRE DE PERSONA |
| Nombre de persona |
Canaan, Joyce E., |
| Títulos y otros términos asociados al nombre |
comp. |
| 9 (RLIN) |
10996 |
| 700 1# - PUNTO DE ACCESO ADICIONAL--NOMBRE DE PERSONA |
| Nombre de persona |
Epstein, Debbie, |
| Títulos y otros términos asociados al nombre |
comp. |
| 9 (RLIN) |
10997 |
| 700 1# - PUNTO DE ACCESO ADICIONAL--NOMBRE DE PERSONA |
| Nombre de persona |
Pardo Riaño, Cruz, |
| Títulos y otros términos asociados al nombre |
tr. |
| 9 (RLIN) |
10998 |
| 830 #0 - PUNTO DE ACCESO ADICIONAL DE SERIE-TÍTULO UNIFORME |
| Título uniforme |
Paidós educador |
| 9 (RLIN) |
10999 |
| Número de parte o sección de la obra |
133 |
| 910 ## - DATOS DE OPCIÓN DEL USUARIO (OCLC) |
| Datos de opción del usuario |
DG |
| 942 ## - ELEMENTOS DE PUNTO DE ACCESO ADICIONAL (KOHA) |
| Fuente del sistema de clasificación o colocación |
Dewey Decimal Classification |
| Tipo de ítem Koha |
Libro |